[Event "Wch U16"]
[Site "Oropesa del Mar"]
[Date "1999.10.27"]
[Round "4"]
[White "Ni Hua"]
[Black "Mastrovasilis, Dimitrios"]
[Result "1/2-1/2"]
[WhiteElo "2369"]
[BlackElo "2384"]

1.e4 c5 2.Nf3 e6 3.b3 d6 4.Bb5+ Nd7 5.O-O Be7 6.Bb2 Nf6 7.Re1 O-O 8.c3 Ne5
9.d4 Nxf3+ 10.Qxf3 Qa5 11.a4 cxd4 12.b4 Qb6 13.cxd4 a6 14.Bd3 Qxb4 15.Bc3 Qb6
16.Nd2 Bd7 17.Nc4 Qa7 18.Bb4 Qxd4 19.e5 Bc6 20.Qh3 Ne4 21.Bxe4 Bxe4 22.exd6 Bf6
23.Rac1 Rfc8 24.Qg4 Bd5 25.Qxd4 Bxd4 26.Red1 e5 27.d7 Rxc4 28.Rxc4 Bxc4 29.Be7 Bb6
30.d8=Q+ Bxd8 31.Rxd8+ Rxd8 32.Bxd8 b5 33.axb5 Bxb5 34.f3 f6 35.Kf2 Kf7 36.Ke3 Ke6
37.f4 Kf5 38.fxe5 Kxe5 39.h4 Bd7 40.Bc7+ Kd5 41.g3 Kc4 42.Bd8 Kb4 43.Kd2 Bf5
44.Be7+ Kb3 45.Bf8 g6 46.Be7 a5 47.Bxf6 a4 48.Kc1 a3  1/2-1/2

[Event "Wch U16"]
[Site "Oropesa del Mar"]
[Date "1999.11.02"]
[Round "9"]
[White "Zubov, Alexander"]
[Black "Ni Hua"]
[Result "1/2-1/2"]
[WhiteElo "2479"]
[BlackElo "2369"]

1.e4 c5 2.Nf3 Nc6 3.d4 cxd4 4.Nxd4 Nf6 5.Nc3 e5 6.Ndb5 d6 7.Bg5 a6 8.Na3 b5
9.Bxf6 gxf6 10.Nd5 f5 11.c3 fxe4 12.Qe2 Bg7 13.Qxe4 O-O 14.g3 f5 15.Qe2 b4
16.Nc4 bxc3 17.bxc3 Be6 18.Rd1 e4 19.Bh3 Bxd5 20.Rxd5 Bxc3+ 21.Kf1 Ne7 22.Rxd6 Qc7
23.Rd1 Bg7 24.Rg1 Nc6 25.Nd6 Nd4 26.Rxd4 Bxd4 27.Nxf5 Rad8 28.Qxe4 Bxf2 29.Qe6+ Kh8
30.Kxf2 Qc2+ 31.Kf3 Rde8 32.Qxa6 Rxf5+ 33.Bxf5 Qxf5+ 34.Kg2 Qd5+ 35.Kh3 Qh5+
36.Kg2 Re2+ 37.Qxe2 Qxe2+ 38.Kh1 Kg7 39.h4 Kg6 40.Rg2 Qe3 41.Kh2 Kh5 42.Rb2 Qc5
43.Re2 Qd4 44.Kg2 Qd5+ 45.Kh2 Qf3 46.Rc2 Qf5 47.Rb2 h6 48.a4 Qf8 49.Rc2 Qf1
50.Rd2 Kg6 51.a5 Kf5 52.Ra2 Qa6 53.Rf2+ Ke4 54.Rf4+ Ke3 55.Kg1 Qxa5 56.Kg2 Qd2+
57.Kg1  1/2-1/2

[Event "FSGM December"]
[Site "Budapest HUN"]
[Date "1999.12.05"]
[Round "2"]
[White "Ni Hua"]
[Black "Richter,Mi"]
[Result "1-0"]
[WhiteElo "2369"]
[BlackElo "2410"]

1.e4 c5 2.Nf3 Nc6 3.c3 Nf6 4.e5 Nd5 5.d4 cxd4 6.Bc4 Nb6 7.Bb3 g6 8.Ng5 d5
9.exd6 e6 10.cxd4 Qxd6 11.Qf3 Qe7 12.Be3 Bg7 13.Qf4 O-O 14.Nc3 Na5 15.O-O Nxb3
16.axb3 Bd7 17.Qc7 Bf6 18.Nge4 Bc6 19.Nxf6+ Qxf6 20.Qg3 Qf5 21.Rfe1 Rfd8
22.Bh6 Rxd4 23.Rxa7 Rad8 24.f3 Rd3 25.Re5 Qf6 26.Bg5 Qg7 27.Bxd8 Rxd8 28.Ra1 Qf8
29.Ree1 Qb4 30.Ne4 Bxe4 31.fxe4 Rd2 32.Qb8+ Kg7 33.Qe5+ Kg8 34.Red1 Nd7  1-0

[Event "FSGM December"]
[Site "Budapest HUN"]
[Date "1999.12.06"]
[Round "3"]
[White "Csom,I"]
[Black "Ni Hua"]
[Result "1-0"]
[WhiteElo "2472"]
[BlackElo "2369"]

1.Nf3 g6 2.g3 Bg7 3.Bg2 c5 4.O-O Nc6 5.c3 e5 6.d3 Nge7 7.a3 a6 8.Nbd2 O-O
9.e4 d5 10.Re1 d4 11.c4 b5 12.Qc2 Qd6 13.Nb3 b4 14.Nh4 bxa3 15.Rxa3 a5 16.Qd1 Bd7
17.f4 f6 18.Rf1 a4 19.Nd2 Bh6 20.Nb1 Kg7 21.Rxa4 Rxa4 22.Qxa4 g5 23.fxg5 fxg5
24.Rxf8 Kxf8 25.Nf5 Nxf5 26.exf5 g4 27.Bd2 Ne7 28.Qa8+ Kg7 29.Be4 Nxf5 30.Qd8 Ne3
31.Ba5 Qe6 32.Bc7 Bc6 33.Nd2 Kf7 34.Bd6 Bxe4 35.Nxe4 Qf5 36.Qe7+ Kg6 37.Qe8+ Kg7
38.Qe7+ Kg6 39.Qe8+ Kg7 40.Qe7+  1-0

[Event "FSGM December"]
[Site "Budapest HUN"]
[Date "1999.12.07"]
[Round "4"]
[White "Ni Hua"]
[Black "Tatai,S"]
[Result "1-0"]
[WhiteElo "2369"]
[BlackElo "2357"]

1.e4 c5 2.Nf3 d6 3.d4 cxd4 4.Nxd4 Nf6 5.Nc3 a6 6.Be3 Ng4 7.Bg5 h6 8.Bh4 g5
9.Bg3 Bg7 10.Bc4 Nc6 11.Nxc6 bxc6 12.Qf3 Rf8 13.Bb3 Ne5 14.Qe3 Rb8 15.h4 Qb6
16.Qxb6 Rxb6 17.hxg5 hxg5 18.Rh7 Bf6 19.O-O-O Be6 20.Bxe6 fxe6 21.b3 g4 22.Ne2 Nf7
23.Rh5 Rb5 24.Rdh1 Rxh5 25.Rxh5 e5 26.Kd2 Ng5 27.Ke3 Ne6 28.Bh4 Bg7 29.a4 Kd7
30.Rh7 Rg8 31.f3 gxf3 32.Kxf3 Nf8 33.Rh5 Bf6 34.Ng3 Bxh4 35.Rxh4 Ne6 36.Nf5 Nd4+
37.Nxd4 exd4 38.Rh5 c5 39.g4 Rf8+ 40.Rf5 Rh8 41.g5 Rh1 42.Kg2 Rh7 43.Kg3 e6
44.Rf2 Ke7 45.Kg4 Rh1 46.g6 Rg1+ 47.Kh5 d5 48.e5 c4 49.bxc4 dxc4 50.Rd2 Rh1+
51.Kg5 Rg1+ 52.Kh6 Rh1+ 53.Kg7 Rh4 54.Kg8 Rg4 55.g7 Rh4 56.a5 Ke8 57.Rd1 Ke7
58.Rb1 d3 59.cxd3 cxd3 60.Rb7+ Ke8 61.Rb6 Rd4 62.Kh7 Kd7  1-0

[Event "FSGM December"]
[Site "Budapest HUN"]
[Date "1999.12.08"]
[Round "5"]
[White "Khechumyan,G"]
[Black "Ni Hua"]
[Result "1/2-1/2"]
[WhiteElo "2332"]
[BlackElo "2369"]

1.e4 c5 2.c3 e6 3.Nf3 d5 4.e5 Nc6 5.d4 Qb6 6.dxc5 Bxc5 7.Qe2 f6 8.b4 Be7
9.exf6 Nxf6 10.Be3 Qc7 11.b5 Na5 12.Bd4 O-O 13.Nbd2 Bd6 14.Ne5 Ne4 15.Nec4 Nxc4
16.Nxe4 e5 17.Nxd6 Qxd6 18.Be3 Qa3 19.Qd3 Kh8 20.Bc1 Qc5 21.Qg3 Nd6 22.Be2 Ne4
23.Qe3 Qxc3+ 24.Qxc3 Nxc3 25.Bb2 Nxe2 26.Kxe2 Bd7 27.a4 a6 28.bxa6 Rxa6 29.Rhe1 d4
30.Kf1 Re8 31.a5 g5 32.Rxe5 Rd6 33.Rxg5 h6 34.Rc5 Kg8 35.Rd1 d3 36.f3 Ba4
37.Rd2 Rde6 38.Bc3 Re1+ 39.Kf2 R8e2+ 40.Kg3 Bc2 41.Bb4 Rxd2 42.Bxd2 Re2 43.Bxh6 d2
44.Bxd2 Rxd2 45.Rc8+ Kf7 46.Rc7+ Ke8 47.Rxb7 Bd3 48.Rg7 Bf1 49.Kf4 Kf8 50.Rb7 Rxg2
51.Rb1 Ba6 52.Rb6 Bc4 53.a6 Ra2 54.Rb8+ Ke7 55.Rb7+ Kd6 56.a7 Bd5 57.Rg7 Rxh2
58.Rg6+ Kc7 59.Ra6 Rh8 60.Ra3 Kb6 61.Ke5 Bb7 62.f4 Ba6 63.f5 Ra8 64.Rxa6+ Kxa6
65.f6 Kb6 66.Ke6 Rxa7 67.f7 Ra8 68.Ke7 Kc6  1/2-1/2

[Event "FSGM December"]
[Site "Budapest HUN"]
[Date "1999.12.09"]
[Round "6"]
[White "Yu Shaoteng"]
[Black "Ni Hua"]
[Result "1/2-1/2"]
[WhiteElo "2435"]
[BlackElo "2369"]

1.e4 c5 2.Nf3 g6 3.d4 Bg7 4.Nc3 cxd4 5.Nxd4 Nc6 6.Be3 Nf6 7.Be2 O-O 8.Nb3 d6
9.O-O Be6 10.f4 Qc8 11.Kh1 Rd8 12.Bf3  1/2-1/2

[Event "FSGM December"]
[Site "Budapest HUN"]
[Date "1999.12.12"]
[Round "9"]
[White "Ni Hua"]
[Black "Hoang Thanh Trang"]
[Result "0-1"]
[WhiteElo "2369"]
[BlackElo "2453"]

1.e4 e6 2.Nf3 d5 3.e5 c5 4.b4 cxb4 5.a3 Nc6 6.axb4 Bxb4 7.c3 Be7 8.d4 f5
9.h4 Bd7 10.Bd3 Qb6 11.Na3 Nh6 12.Rb1 Qa5 13.O-O Nf7 14.Rxb7 Bxa3 15.Rb5 Qxc3
16.Be3 Nb4 17.Be2 Bxb5 18.Bxb5+ Ke7 19.Ng5 h6 20.Nxe6 Kxe6 21.Qh5 Rhg8 22.Qg6+ Ke7
23.e6 Nd6 24.Bd7 Raf8 25.Bxh6 gxh6 26.Qh7+ Nf7 27.exf7 Rxg2+ 28.Kxg2 Kxd7
29.Qxf5+ Ke7 30.Qe5+ Kxf7 31.Re1 Nd3 32.Qe6+ Kg7 33.Rg1 Kh7 34.Kh2 Qc7+  0-1

[Event "Perenyi Mem"]
[Site "Gyula HUN"]
[Date "2000.01.24"]
[Round "1"]
[White "Horvath,Cs"]
[Black "Ni Hua"]
[Result "1/2-1/2"]
[WhiteElo "2519"]
[BlackElo "2390"]

1.d4 Nf6 2.c4 g6 3.Nc3 d5 4.Nf3 Bg7 5.Qb3 dxc4 6.Qxc4 O-O 7.Bf4 Na6 8.e4 c5
9.d5 e6 10.d6 Nb4 11.e5 Nc2+ 12.Kd2 Nxa1 13.exf6 Bxf6 14.Qxc5 e5 15.Bxe5 Re8
16.Bxf6 Qxf6 17.Qd4 Qxd4+ 18.Nxd4 Rd8 19.Bd3 Rxd6 20.Nce2 b6 21.Rxa1 Bb7
22.f3 Rad8  1/2-1/2

[Event "Perenyi Mem"]
[Site "Gyula HUN"]
[Date "2000.01.25"]
[Round "2"]
[White "Ni Hua"]
[Black "Ruck,R"]
[Result "1-0"]
[WhiteElo "2390"]
[BlackElo "2472"]

1.e4 c5 2.Nf3 d6 3.d4 cxd4 4.Nxd4 Nf6 5.Nc3 a6 6.Be3 Ng4 7.Bg5 h6 8.Bh4 g5
9.Bg3 Bg7 10.Bc4 Nc6 11.Nxc6 bxc6 12.h4 Qa5 13.Qf3 Rf8 14.Bb3 Ne5 15.Qe2 Qb4
16.hxg5 hxg5 17.f3 Be6 18.O-O-O a5 19.Bf2 Bc4 20.Qe3 Rb8 21.Qxg5 Bf6 22.Qd2 Rg8
23.Ba7 Ra8 24.Be3 a4 25.a3 Qb7 26.Bxa4 Ba2 27.Nxa2 Rxa4 28.Qc3 Nc4 29.Bd4 Bg5+
30.Kb1 Nxa3+ 31.Ka1 Nb5 32.Qb3 Qa6 33.c3 Kd7 34.Kb1 Ra8 35.Nb4 Qb7 36.Rh5 Nxd4
37.Rxd4 Bf6 38.e5 Bg7 39.Qxf7  1-0

[Event "Perenyi Mem"]
[Site "Gyula HUN"]
[Date "2000.01.26"]
[Round "3"]
[White "Dittmar,P"]
[Black "Ni Hua"]
[Result "1/2-1/2"]
[WhiteElo "2308"]
[BlackElo "2390"]

1.d4 Nf6 2.c4 g6 3.Nc3 d5 4.e3 Bg7 5.Nf3 O-O 6.Be2 c5 7.O-O cxd4 8.exd4 Nc6
9.Re1 Be6 10.c5 Ne4 11.Bb5 Bg4 12.Bxc6 bxc6 13.Nxe4 dxe4 14.Rxe4 Bxf3 15.Qxf3 Bxd4
16.Bg5 Bxb2 17.Rd1 Qa5 18.Bxe7 Rfe8 19.a4 Rab8 20.Bd6 Rbc8 21.h4 Rxe4 22.Qxe4 h5
23.Rd3 Bg7 24.Rb3 Qd2 25.Rb7 a5 26.Qf3 Qc1+ 27.Kh2 Qc4 28.g3 Re8 29.Qb3  1/2-1/2

[Event "Perenyi Mem"]
[Site "Gyula HUN"]
[Date "2000.01.27"]
[Round "4"]
[White "Ni Hua"]
[Black "Lauber,A"]
[Result "1-0"]
[WhiteElo "2390"]
[BlackElo "2416"]

1.e4 c6 2.d4 d5 3.e5 Bf5 4.Nf3 e6 5.Be2 c5 6.Be3 cxd4 7.Nxd4 Ne7 8.c4 dxc4
9.Na3 Be4 10.Ndb5 Nd5 11.Nxc4 Nxe3 12.fxe3 Bb4+ 13.Kf2 Bc6 14.Nbd6+ Kf8 15.Rf1 Bxd6
16.Nxd6 Nd7 17.Kg1 Nxe5 18.Qd4 Qg5 19.Ne4 Bxe4 20.Qxe4 g6 21.h4 Qg3 22.Rf4 Nc6
23.Raf1 f5 24.Qxe6 Kg7 25.Qb3 Kh6 26.Qc3  1-0

[Event "Perenyi Mem"]
[Site "Gyula HUN"]
[Date "2000.01.28"]
[Round "5"]
[White "Vajda,L"]
[Black "Ni Hua"]
[Result "1/2-1/2"]
[WhiteElo "2459"]
[BlackElo "2390"]

1.e4 c5 2.c3 e6 3.d4 d5 4.exd5 exd5 5.Nf3 Nc6 6.Be3 c4 7.b3 cxb3 8.axb3 Bd6
9.Bd3 Nge7 10.O-O O-O 11.Bg5 h6 12.Bh4 f5 13.Bxe7 Qxe7 14.b4 Qf6 15.Re1 Be6
16.Nbd2 a6 17.Nb3 f4 18.Nc5 Bxc5 19.bxc5 Bg4 20.Bc2 Rae8 21.Rxe8 Rxe8 22.Qd3 g6
23.Qxg6+ Qxg6 24.Bxg6 Re2 25.Nh4 Ne7 26.h3 Bd7 27.Rb1 Bb5 28.Bh5 Rc2 29.Re1 Kf8
30.Re5 Bd7 31.Bg4 Bxg4 32.hxg4 a5 33.Re1 Rxc3 34.Rb1 a4 35.Rxb7 a3 36.Ra7 Nc6
37.Ng6+ Ke8 38.Ra8+ Kd7 39.Ne5+ Nxe5 40.dxe5 d4 41.Kf1 Ke6 42.c6 Kxe5 43.c7 Rxc7
44.Rxa3 Ke4 45.f3+ Kd5 46.Ke2 Kc4 47.Ra4+ Kc3 48.Ra3+ Kc2 49.Ra2+ Kc3  1/2-1/2

[Event "Perenyi Mem"]
[Site "Gyula HUN"]
[Date "2000.01.29"]
[Round "6"]
[White "Ni Hua"]
[Black "Wang Rui"]
[Result "1-0"]
[WhiteElo "2390"]
[BlackElo "2496"]

1.e4 c5 2.Nf3 d6 3.d4 cxd4 4.Nxd4 Nf6 5.Nc3 a6 6.Be3 e6 7.g4 h5 8.g5 Ng4
9.Bc1 Qb6 10.h3 Ne5 11.Nb3 Nbc6 12.Be3 Qc7 13.f4 Nd7 14.Qe2 b5 15.g6 fxg6
16.Qg2 Ne7 17.Nd4 Nc5 18.O-O-O Nb7 19.f5 b4 20.Na4 Qa5 21.b3 Nc5 22.Nc6 Qc7
23.Nxe7 Bxe7 24.Qxg6+ Kf8 25.Nxc5 dxc5 26.fxe6  1-0

[Event "Perenyi Mem"]
[Site "Gyula HUN"]
[Date "2000.01.31"]
[Round "9"]
[White "Ni Hua"]
[Black "Volzhin,A"]
[Result "1/2-1/2"]
[WhiteElo "2390"]
[BlackElo "2548"]

1.e4 c5 2.Nf3 e6 3.d4 cxd4 4.Nxd4 a6 5.Nc3 Qc7 6.Be3 Nf6 7.Bd3 Nc6 8.O-O b5
9.a3 Bb7 10.Qe2 Be7 11.f4 d6 12.Kh1 O-O 13.Nf3 b4 14.axb4 Nxb4 15.Bg1 Nxd3
16.cxd3 Rac8 17.Rfc1  1/2-1/2

[Event "Perenyi Mem"]
[Site "Gyula HUN"]
[Date "2000.02.02"]
[Round "11"]
[White "Ni Hua"]
[Black "Danner,G"]
[Result "1-0"]
[WhiteElo "2390"]
[BlackElo "2443"]

1.e4 c5 2.Nf3 d6 3.d4 Nf6 4.Nc3 cxd4 5.Nxd4 a6 6.Be3 e5 7.Nb3 Be6 8.f3 Be7
9.Qd2 O-O 10.O-O-O b5 11.g4 b4 12.Nd5 Bxd5 13.exd5 a5 14.Kb1 Qc7 15.g5 Nfd7
16.f4 a4 17.Nc1 exf4 18.Bxf4 Na6 19.Bxa6 Rxa6 20.Rhe1 Ne5 21.Qe2 Ra5 22.Nd3 b3
23.Nxe5 dxe5 24.Bxe5 bxc2+ 25.Qxc2 Qxc2+ 26.Kxc2 Bxg5 27.d6 f5 28.d7 Kf7
29.Bc3 Raa8 30.Rd5 g6 31.Kd3 Bf6 32.Bb4 Rfb8 33.Kc4 Ra6 34.Rb5 Rxb5 35.Kxb5 Re6
36.Rc1 Re5+ 37.Kc6 Re4 38.Ba5 Rd4 39.Bc3 Rc4+ 40.Kd5 Rc7 41.Bxf6 Rxd7+ 42.Ke5 Rb7
43.Rc6 h6 44.Kf4 Rb4+ 45.Kf3 g5 46.Bc3 Rf4+ 47.Kg2 h5 48.Bd2 Re4 49.Kf3 g4+
50.Kg3 Re2 51.Bc3 a3 52.bxa3 Rxa2 53.Rf6+ Ke7 54.Rxf5 Rxa3 55.Re5+ Kd6 56.Re3 Kd5
57.Kh4 Kc4 58.Kxh5 Rxc3 59.Rxc3+ Kxc3 60.Kxg4  1-0

[Event "FSGM January"]
[Site "Budapest HUN"]
[Date "2000.02.05"]
[Round "1"]
[White "Ni Hua"]
[Black "Hoang Thanh Trang"]
[Result "1-0"]
[WhiteElo "2390"]
[BlackElo "2448"]

1.e4 e6 2.d4 d5 3.e5 c5 4.c3 Nc6 5.Nf3 Qb6 6.a3 Bd7 7.b4 cxd4 8.cxd4 Rc8
9.Bb2 Na5 10.Nbd2 Nc4 11.Nxc4 dxc4 12.Rc1 a5 13.Nd2 c3 14.Rxc3 axb4 15.Rxc8+ Bxc8
16.Qb3 Qd8 17.axb4 Ne7 18.Bb5+ Bd7 19.Bxd7+ Qxd7 20.O-O Nd5 21.Ne4 Be7 22.b5 O-O
23.Nc5 Qc7 24.Rc1 Rc8 25.Nd3 Qd7 26.Nc5 Qc7 27.Nd3 Qd7 28.Rxc8+ Qxc8 29.Nc5 h6
30.g3 Qc7 31.Ne4 Bb4 32.Kg2 Qa5 33.Qc4 Qa4 34.Nc5 Qd1 35.Qd3 Qxd3 36.Nxd3 Ba5
37.Nc5 b6 38.Na6 Bc3 39.Bxc3 Nxc3 40.Nc7 Kf8 41.Kf3 Ke7 42.Ke3 Kd8 43.Kd3 Nd1
44.Na8 Nxf2+ 45.Kc4 Ng4 46.Nxb6 Nxh2 47.Kc5 Nf1 48.Nc4 Nxg3 49.b6 Kd7 50.Nd6 h5
51.Ne8 Ne4+ 52.Kb5 Nc3+ 53.Ka6 Nd5 54.b7 Nb4+ 55.Kb6 Nc6 56.Nc7 h4 57.Na6 h3
58.d5  1-0

[Event "FSGM January"]
[Site "Budapest HUN"]
[Date "2000.02.06"]
[Round "2"]
[White "Volzhin,A"]
[Black "Ni Hua"]
[Result "1/2-1/2"]
[WhiteElo "2548"]
[BlackElo "2390"]

1.e4 c5 2.Nf3 Nc6 3.Bb5 g6 4.O-O Bg7 5.Nc3 d6 6.e5 dxe5 7.Bxc6+ bxc6 8.Re1 f6
9.b3 Nh6 10.Ba3 Nf7 11.Bxc5 f5  1/2-1/2

[Event "FSGM February"]
[Site "Budapest HUN"]
[Date "2000.02.08"]
[Round "4"]
[White "Fogarasi,T"]
[Black "Ni Hua"]
[Result "0-1"]
[WhiteElo "2429"]
[BlackElo "2390"]

1.e4 c5 2.Nf3 Nc6 3.d4 cxd4 4.Nxd4 Nf6 5.Nc3 e5 6.Ndb5 d6 7.Bg5 a6 8.Na3 b5
9.Bxf6 gxf6 10.Nd5 f5 11.g3 Bg7 12.Bg2 O-O 13.exf5 e4 14.f6 Bxf6 15.c3 Bg7
16.O-O f5 17.f3 exf3 18.Qxf3 Rb8 19.Nc2 Kh8 20.Rad1 a5 21.a3 Be6 22.Kh1 Ne5
23.Qe2 f4 24.gxf4 Bg4 25.Qe1 Bxd1 26.Qxd1 Qh4 27.Nce3 Nc4 28.Qc1 Rbe8 29.Nxc4 bxc4
30.Qd2 Re6 31.Bf3 Rfe8 32.Nc7 Re1 33.Kg2 Rg8 34.Qxe1 Bxc3+ 35.Qg3 Bxb2 36.Re1 c3
37.Bd5 Rxg3+ 38.hxg3 Qh5 39.Bb3 a4 40.Bc2 Bxa3 41.Re8+ Kg7 42.Re7+ Kf8 43.Re8+ Kf7
44.Bxa4 Qa5 45.Bb3+ d5 46.Bxd5+ Kg7 47.Rg8+ Kf6 48.Rc8 c2  0-1

[Event "FSGM February"]
[Site "Budapest HUN"]
[Date "2000.02.10"]
[Round "6"]
[White "Zhang Pengxiang"]
[Black "Ni Hua"]
[Result "1/2-1/2"]
[WhiteElo "2562"]
[BlackElo "2390"]

1.e4 c5 2.Nf3 g6 3.c3 d5 4.exd5 Qxd5 5.d4 Nf6 6.Be2 cxd4 7.cxd4 Bg7 8.Nc3 Qd6
9.O-O O-O 10.Qb3 Nc6 11.Rd1 Qb4 12.d5 Qxb3 13.axb3 Nb4 14.Bf4 Ne8 15.Be3 Na6
16.Nd4 Nac7 17.Ndb5 Nxb5 18.Nxb5 a6 19.Nc3  1/2-1/2

[Event "FSGM February"]
[Site "Budapest HUN"]
[Date "2000.02.12"]
[Round "8"]
[White "Ni Hua"]
[Black "Ribshtein,N"]
[Result "1-0"]
[WhiteElo "2390"]
[BlackElo "2362"]

1.e4 e5 2.Nf3 Nf6 3.Nxe5 d6 4.Nf3 Nxe4 5.d4 d5 6.Bd3 Be7 7.O-O Nc6 8.c4 Nb4
9.Be2 O-O 10.Nc3 Be6 11.Ne5 f6 12.Nf3 c5 13.Qb3 Nxc3 14.bxc3 Nc6 15.cxd5 Na5
16.Qc2 Qxd5 17.Bd3 Qh5 18.Re1 c4 19.Rxe6 cxd3 20.Qxd3 Rfe8 21.Bd2 Bf8 22.Rxe8 Rxe8
23.c4 Nc6 24.h3 Rd8 25.Bc3 Qc5 26.Qe2 Qa3 27.Qc2 a5 28.d5 Nb4 29.Qb3 Nd3
30.Rd1 Nf4 31.Qxa3 Bxa3 32.Bxa5  1-0

[Event "FSGM February"]
[Site "Budapest HUN"]
[Date "2000.02.14"]
[Round "10"]
[White "Ni Hua"]
[Black "Csom,I"]
[Result "1/2-1/2"]
[WhiteElo "2390"]
[BlackElo "2464"]

1.e4 c5 2.c3 Qa5 3.Nf3 d6 4.Bd3 Bg4 5.h3 Bh5 6.O-O Nc6 7.Re1 Nf6 8.Bf1 e6
9.d3 Be7 10.Bf4 Qc7 11.Nbd2 O-O  1/2-1/2

[Event "FSGM February"]
[Site "Budapest HUN"]
[Date "2000.02.15"]
[Round "11"]
[White "Li Wenliang"]
[Black "Ni Hua"]
[Result "1/2-1/2"]
[WhiteElo "2444"]
[BlackElo "2390"]

1.d4 Nf6 2.Nf3 e6 3.c4 b6 4.g3 Ba6 5.b3 Bb7 6.Bg2 Bb4+ 7.Bd2 a5 8.O-O O-O
9.Nc3 d6 10.Qc2 Bxc3 11.Bxc3 Be4 12.Qb2  1/2-1/2

[Event "34th Olympiad"]
[Site "Istanbul TUR"]
[Date "2000.10.29"]
[Round "2"]
[White "Temirbaev,S"]
[Black "Ni Hua"]
[Result "1/2-1/2"]
[WhiteElo "2445"]
[BlackElo "2490"]

1.d4 Nf6 2.c4 g6 3.Nc3 d5 4.Nf3 Bg7 5.Bg5 Ne4 6.cxd5 Nxg5 7.Nxg5 e6 8.Nf3 exd5
9.e3 O-O 10.Be2 c6 11.O-O Qd6 12.Ne1 Nd7 13.Nd3 a5 14.a3 b6 15.Rc1 Ba6 16.Nf4 Bxe2
17.Nfxe2 b5 18.Nf4 a4 19.Nd3 Nb6 20.Nb1 Nc4 21.Nd2 Rfe8 22.Rc2 Rad8 23.Qf3 f5
24.g3 Bh6 25.Nxc4 bxc4 26.Nb4 Bf8 27.Rd1 Kg7 28.Na2 Qb8 29.Nc3 Qb3 30.Rdd2 Bd6
31.h4 Bc7 32.Kg2 Rd7 33.Rc1 Rf7 34.Rh1 Ba5 35.Rc1 h5 36.Qf4 Qb8 37.Re2 Qxf4
38.gxf4 Bxc3 39.Rxc3 Rb7 40.Kf1 Reb8 41.Rcc2 Kf6 42.Ke1 Rb3 43.Kd1 Ke6 44.Kc1 Kd6
45.Red2 Kc7 46.Rd1 R8b6 47.Rg1 c3 48.Rxg6 cxb2+ 49.Kb1 Rxa3 50.Rg7+ Kd6 51.Rxb2 Rb5
52.Rg5 Rd3 53.Ka2 Rxb2+ 54.Kxb2 Rd2+ 55.Ka3 Rxf2 56.Rxf5 Rf3 57.Re5 Rh3 58.Kxa4 Rxh4
59.Kb3 Rh1 60.Kc2 h4 61.f5 h3 62.f6 Rf1 63.Rh5 Rf3 64.Kd3 Ke6 65.Ke2 Rxf6  1/2-1/2

[Event "34th Olympiad"]
[Site "Istanbul TUR"]
[Date "2000.10.29"]
[Round "2"]
[White "Temirbaev,S"]
[Black "Ni Hua"]
[Result "1/2-1/2"]
[WhiteElo "2445"]
[BlackElo "2490"]

1.d4 Nf6 2.c4 g6 3.Nc3 d5 4.Nf3 Bg7 5.Bg5 Ne4 6.cxd5 Nxg5 7.Nxg5 e6 8.Nf3 exd5
9.e3 O-O 10.Be2 c6 11.O-O Qd6 12.Ne1 Nd7 13.Nd3 a5 14.a3 b6 15.Rc1 Ba6 16.Nf4 Bxe2
17.Nfxe2 b5 18.Nf4 a4 19.Nd3 Nb6 20.Nb1 Nc4 21.Nd2 Rfe8 22.Rc2 Rad8 23.Qf3 f5
24.g3 Bh6 25.Nxc4 bxc4 26.Nb4 Bf8 27.Rd1 Kg7 28.Na2 Qb8 29.Nc3 Qb3 30.Rdd2 Bd6
31.h4 Bc7 32.Kg2 Rd7 33.Rc1 Rf7 34.Rh1 Ba5 35.Rc1 h5 36.Qf4 Qb8 37.Re2 Qxf4
38.gxf4 Bxc3 39.Rxc3 Rb7 40.Kf1 Reb8 41.Rcc2 Kf6 42.Ke1 Rb3 43.Kd1 Ke6 44.Kc1 Kd6
45.Red2 Kc7 46.Rd1 R8b6 47.Rg1 c3 48.Rxg6 cxb2+ 49.Kb1 Rxa3 50.Rg7+ Kd6 51.Rxb2 Rb5  1/2-1/2

[Event "34th Olympiad"]
[Site "Istanbul TUR"]
[Date "2000.10.31"]
[Round "4"]
[White "Kempinski,R"]
[Black "Ni Hua"]
[Result "1/2-1/2"]
[WhiteElo "2522"]
[BlackElo "2490"]

1.d4 Nf6 2.c4 g6 3.Nc3 d5 4.cxd5 Nxd5 5.Bd2 Bg7 6.e4 Nb6 7.Be3 O-O 8.Be2 Nc6
9.Nf3 Bg4 10.e5 Nb4 11.O-O N4d5 12.Bd2 Nxc3 13.Bxc3 Nd5 14.Bd2 c6 15.a4 a5
16.Ra3 Qb6 17.Rb3 Nb4 18.Be3 Qc7 19.Bc4 Qd7 20.h3 Be6 21.Bxe6 Qxe6 22.Bd2 Qc4
23.Rc3 Qa6 24.h4 Nd5 25.Rc5 Qb6 26.Qc2 Nc7 27.Rc3 Ne6 28.Be3 Qd8 29.Qe4 Qd7
30.h5 Rfe8 31.Rfc1 Nc7 32.Rb3 Nd5 33.Bd2 e6 34.Ng5 h6 35.Nf3 g5 36.Rc5 b6
37.Rc1 b5 38.Bxg5 bxa4 39.Ra3 hxg5 40.Nxg5 f5 41.exf6 Bxf6 42.Rg3 Kh8 43.Rxc6 Rg8
44.Rd6 Qc7 45.Rc6 Qd7 46.Rd6 Qc7 47.Rc6  1/2-1/2

[Event "34th Olympiad"]
[Site "Istanbul TUR"]
[Date "2000.11.10"]
[Round "13"]
[White "Asrian,K"]
[Black "Ni Hua"]
[Result "1-0"]
[WhiteElo "2566"]
[BlackElo "2490"]

1.e4 c5 2.Nf3 e6 3.d4 cxd4 4.Nxd4 Nf6 5.Nc3 Nc6 6.Ndb5 d6 7.Bf4 e5 8.Bg5 a6
9.Na3 b5 10.Nd5 Be7 11.Bxf6 Bxf6 12.c3 Bg5 13.Nc2 Ne7 14.Ncb4 O-O 15.g3 a5
16.Nxe7+ Qxe7 17.Nd5 Qb7 18.Bg2 Be6 19.O-O Bxd5 20.exd5 b4 21.c4 Qc8 22.Qe2 Qc5
23.Kh1 a4 24.Qg4 Bd8 25.Qd7 Ra7 26.Qc6 Bb6 27.f4 Rc8 28.Qxc5 Bxc5 29.fxe5 dxe5
30.b3 axb3 31.axb3 Ra3 32.Rad1 Bd6 33.Rb1 Kf8 34.Be4 Ke7 35.Rf3 h6 36.Rbf1 f6
37.Kg2 Bc5 38.h4 Bd4 39.h5 Kd6 40.Kh3 Bc3 41.Rb1 Ra2 42.Kg4 Rh2 43.Rc1 Rb2
44.Ra1 Kc5 45.Ra5+ Kb6 46.Rb5+ Ka6 47.d6 Rd8 48.Bb7+ Ka7 49.c5  1-0

[Event "34th Olympiad"]
[Site "Istanbul TUR"]
[Date "2000.11.12"]
[Round "14"]
[White "Ni Hua"]
[Black "Nikolaidis,I"]
[Result "1-0"]
[WhiteElo "2490"]
[BlackElo "2512"]

1.e4 c5 2.Nf3 d6 3.d4 Nf6 4.Nc3 cxd4 5.Nxd4 a6 6.Be3 e5 7.Nb3 Be6 8.f3 h5
9.Qd2 Nbd7 10.a4 Rc8 11.Be2 Nb6 12.a5 Nc4 13.Bxc4 Bxc4 14.Na4 Nd7 15.Nc1 Be7
16.b3 Bb5 17.c4 Bxa4 18.Rxa4 Nc5 19.Ra2 Ne6 20.O-O Bg5 21.Bxg5 Nxg5 22.Ne2 h4
23.Nc3 Rh6 24.Nd5 Ne6 25.Qe3 Rc5 26.Qc3 Rg6 27.Qb4 Qc8 28.Nb6 Qd8 29.Nd5 Qc8
30.Kh1 Kf8 31.Rd2 Nd4 32.f4 Rh6 33.Nb6 Qe8 34.fxe5 Nc6 35.Nd7+ Kg8 36.Qxb7 Nxa5
37.Qa7 Nxb3 38.Rdf2 Rxc4 39.Nb6 Rc1 40.Rxc1 Nxc1 41.Rc2 Qxe5 42.Nd7 Qb5 43.Rxc1 h3
44.gxh3 Rxh3 45.Rc8+ Kh7 46.Nf6+ Kg6 47.Qf2 Qg5 48.Nd5 Rb3 49.Qc2 Rf3 50.e5+ Rf5
51.Rc3  1-0

[Event "TCh-CHN Men"]
[Site "Suzhou, Jiangsu CHN"]
[Date "2001.03.27"]
[Round "2"]
[White "Ni Hua"]
[Black "Li Wenjun"]
[Result "1-0"]
[WhiteElo "2534"]
[BlackElo "2296"]

1.e4 e6 2.d4 d5 3.e5 c5 4.c3 Ne7 5.Nf3 Nec6 6.dxc5 a5 7.Bd3 Nd7 8.Bf4 Nxc5
9.Bc2 Qb6 10.b3 Qa6 11.a4 Nd7 12.Bd3 Qb6 13.O-O h6 14.h3 Be7 15.Bc2 Qc7 16.Re1 b6
17.Na3 Bxa3 18.Rxa3 Ba6 19.Nd4 g5 20.Bg3 Nxd4 21.cxd4 O-O-O 22.b4 axb4 23.Rb3 Kb7
24.Rxb4 Rc8 25.Bb1 Ka7 26.Rb3 Nb8 27.Rf3 Qe7 28.Qd2 Rc4 29.a5 bxa5 30.Qxa5 Nc6
31.Qa1 Nb4 32.Ra3 Rhc8 33.Bd3 R4c6 34.Bf1 Rb8 35.Rb1 Rbb6 36.Ra4 Qb7 37.Qa3 Nc2
38.Rxb6 Qxb6 39.Qa2 Nb4 40.Qb1  1-0

[Event "TCh-CHN Men"]
[Site "Suzhou, Jiangsu CHN"]
[Date "2001.03.28"]
[Round "3"]
[White "Wang Rui"]
[Black "Ni Hua"]
[Result "0-1"]
[WhiteElo "2526"]
[BlackElo "2534"]

1.e4 c5 2.Nf3 Nc6 3.Bb5 g6 4.Bxc6 dxc6 5.d3 Bg7 6.h3 Nf6 7.Nc3 Nd7 8.Be3 e5
9.O-O Qe7 10.Qd2 Nf8 11.Bh6 Bxh6 12.Qxh6 f6 13.Ne2 Ne6 14.c3 Bd7 15.a3 g5
16.d4 cxd4 17.cxd4 exd4 18.Nfxd4 Nxd4 19.Nxd4 O-O-O 20.Rfe1 Qe5 21.Rad1 g4
22.Qe3 gxh3 23.Nf3 Qa5 24.e5 fxe5 25.Nxe5 Rhe8 26.b4 Qb6 27.Rxd7 Rxd7 28.Qxh3 Qd4
29.Qf5 Kc7 30.Re4 Qd5 31.Re3 Rde7 32.f4 Rg7 33.g4 Rf7 34.Qe4 Rd7 35.Kf2 Qxe4
36.Rxe4 Rd3 37.a4 Ra3 38.a5 Rd8 39.Nc4 Rad3 40.Re7+ R3d7 41.Rxd7+ Kxd7 42.Ke3 Ke6
43.Ke4 Rd1 44.g5 Re1+ 45.Ne3 Rb1 46.f5+ Kf7 47.Nc2 Rg1 48.Kf4 Rc1 49.a6 Rxc2  0-1

[Event "TCh-CHN Men"]
[Site "Suzhou, Jiangsu CHN"]
[Date "2001.04.02"]
[Round "7"]
[White "Bu Xiangzhi"]
[Black "Ni Hua"]
[Result "1/2-1/2"]
[WhiteElo "2558"]
[BlackElo "2534"]

1.d4 Nf6 2.c4 g6 3.Nf3 Bg7 4.g3 O-O 5.Bg2 c5 6.O-O cxd4 7.Nxd4 Nc6 8.Nc3 Nxd4
9.Qxd4 d6 10.b3 Bf5 11.Bb2 Ne4 12.Qe3 Nxc3 13.Bxc3 Bxc3 14.Qxc3 Qc7 15.Rac1 Rac8
16.Qd2 b6 17.h4 Qd7 18.Kh2 Rc5 19.e4 Be6 20.f4 f6 21.Rfe1 Rfc8 22.e5 dxe5
23.Qxd7 Bxd7 24.fxe5 Rxe5 25.Rxe5 fxe5 26.Rd1 Bg4 27.Rd5 Rc5 28.Rd2 Rc7 29.Kg1 Rd7
30.Rxd7 Bxd7 31.Kf2 Kf7 32.Ke3 Bf5 33.a3 Ke6 34.b4 Kd6 35.Bf3 h5  1/2-1/2

[Event "TCh-CHN Men"]
[Site "Suzhou, Jiangsu CHN"]
[Date "2001.04.04"]
[Round "9"]
[White "Ni Hua"]
[Black "Zhang Pengxiang"]
[Result "1/2-1/2"]
[WhiteElo "2534"]
[BlackElo "2487"]

1.e4 e6 2.d4 d5 3.Nd2 Nf6 4.e5 Nfd7 5.Bd3 c5 6.c3 Nc6 7.Ne2 cxd4 8.cxd4 f6
9.exf6 Qxf6 10.Nf3 h6 11.O-O Bd6 12.Ng3 O-O 13.Bc2 Rd8 14.Re1 Nf8 15.Ne5 Bxe5
16.dxe5 Qh4 17.f4 Bd7 18.Be3 Rac8 19.Rc1 Be8 20.f5 Nxe5 21.fxe6 Ng4 22.h3 Nxe3
23.Rxe3 d4 24.e7 dxe3 25.Bb3+ Bf7 26.exd8=Q Qxd8 27.Bxf7+ Kxf7 28.Qb3+ Kg6
29.Rf1 Kh7 30.Qxb7 Ng6 31.Qxa7 Qg5 32.Ne4 Qe5 33.Qxe3 Qxb2 34.a3 Rc2 35.Rf2 Rc1+
36.Rf1 Rc2 37.Rf2 Qa1+ 38.Rf1 Qb2  1/2-1/2